000 01610nam a2200289 i 4500
003 OSt
005 20241216112005.0
008 241216t20222022enk j 000 1 eng d
020 _a9781801315777
_cRM 56.00
_qpaperback
040 _aPPAK
_beng
_cPPAK
_erda
082 0 4 _223
_a823.92
090 0 0 _a823.92
_bCAN
_dK
100 1 _aCanning, P. J.,
_eauthor.
245 1 0 _a21% MONSTER :
_bSERPENT STRIKE /
_cP.J. CANNING
264 1 _aLondon :
_bUsborne Publishing Ltd.,
_c2022
300 _a333 pages ;
_c20 cm
336 _atext
_2rdacontent
337 _aunmediated
_2rdamedia
338 _avolume
_2rdacarrier
490 1 _a21% MONSTER
520 _aFun, fast-paced, high-octane action adventure, 21% Monster is a perfect page-turning series for fans of Alex Rider, Percy Jackson and the MCU generation.For once, 21% monster teenage-boy Darren Devlin thinks he has the upper hand over Xastris, the secret organisation that transformed him into a genetically-modified superhuman. Since joining forces with 19% alien boy Marek Masters, 17% sabre-tooth polar-bear Aurora Valero, and now 16% alien girl Genie, Darren has never been in a stronger position...but neither have Xastris. For they are planning an attack on the world's greatest superpowers, with the fate of millions at stake. Can Darren and the team intercept Operation Serpent Strike...or will Xastris land their deadliest bite yet?"--Publisher's description
650 1 0 _aChildren's stories, English
650 2 0 _aMonsters
_vJuvenile fiction
655 _aChildren's stories
830 0 _a21% monster
942 _2ddc
_cB
999 _c197949
_d197949